Príležitosť robí zlodeja
Zabezpečenie firiem. Podceňovanie hrozieb. Ako si vybrať vhodný firemný bezpečnostný systém. Na slovenskom trhu rastie dopyt po komplexných bezpečnostných systémoch.
Guardado en:
| Autor principal: | |
|---|---|
| Formato: | Capítulo de libro |
| Lenguaje: | eslovaco |
| Materias: | |
| Etiquetas: |
Sin Etiquetas, Sea el primero en etiquetar este registro!
|
MARC
| LEADER | 00000naa a2200000 4500 | ||
|---|---|---|---|
| 001 | 0234116 | ||
| 005 | 20170630081953.7 | ||
| 041 | 0 | |a slo | |
| 044 | |a SK | ||
| 245 | 1 | 0 | |a Príležitosť robí zlodeja |c Michaela Petrášová |
| 520 | |a Zabezpečenie firiem. Podceňovanie hrozieb. Ako si vybrať vhodný firemný bezpečnostný systém. Na slovenskom trhu rastie dopyt po komplexných bezpečnostných systémoch. | ||
| 610 | 2 | 0 | |a firmy |
| 610 | 2 | 0 | |a systémy bezpečnostné |
| 610 | 2 | 0 | |a Slovensko |
| 100 | 1 | |a Petrášová, Michaela | |